000 00464nam a2200181Ia 4500
001 14329
005 20260306164906.0
008 260306t2014||||xx |||||||||||||| ||spa||
041 _aESP
082 _a511.3
_bV66
100 _aVillalpando Becerra, José Francisco
_eAUT
245 0 _aMatemáticas discretas:
_baplicaciones y ejercicios
260 _c2014
300 _a358 páginas :
_c27 cm.
650 _aGEN
654 _aCMA
942 _cLIB
_dJUS
_fJUS
_2ddc
_n
999 _c14329
_d14329